| Tag |
First Indicator |
Second Indicator |
Subfields |
| LEADER |
00000cam a2200000M 4500 |
| 001 |
in00003815768 |
| 005 |
20170926153131.0 |
| 008 |
161202s2016 oru 000 0 eng d |
| 020 |
|
|
|a 1498294472
|
| 020 |
|
|
|a 9781498294478
|
| 020 |
|
|
|a 1498294499
|
| 020 |
|
|
|a 9781498294492
|
| 035 |
|
|
|a (OCoLC)ocn965146078
|
| 040 |
|
|
|a YDX
|c YDX
|d TEF
|d BWK
|d UtOrBLW
|
| 049 |
|
|
|a TXAM
|
| 050 |
|
4 |
|a DS110.J78
|b M37 2016
|
| 100 |
1 |
|
|a Mason, Steve.
|0 http://id.loc.gov/authorities/names/n85208700
|
| 245 |
1 |
0 |
|a Orientation to the history of Roman Judaea /
|c Steve Mason.
|
| 264 |
|
1 |
|a Eugene, Oregon :
|b Cascade Books,
|c [2016]
|
| 264 |
|
4 |
|c ©2016
|
| 300 |
|
|
|a xiii, 309 pages ;
|c 23 cm.
|
| 336 |
|
|
|a text
|b txt
|2 rdacontent
|
| 337 |
|
|
|a unmediated
|b n
|2 rdamedia
|
| 338 |
|
|
|a volume
|b nc
|2 rdacarrier
|
| 504 |
|
|
|a Includes bibliographical references (pages 281-309).
|
| 651 |
|
0 |
|a Judaea (Region)
|x History.
|
| 650 |
|
0 |
|a Jews
|x History
|y 168 B.C.-135 A.D.
|0 http://id.loc.gov/authorities/subjects/sh85070403
|
| 945 |
|
|
|b 996558
|
| 947 |
|
|
|a A14850028177
|
| 948 |
|
|
|a cataloged
|b h
|c 2017/3/3
|d c
|e dmitchel
|f 12:20:10 pm
|
| 994 |
|
|
|a 92
|b TXA
|
| 999 |
f |
f |
|s efebd2c6-df0f-3e09-b0b3-d34cade2c0a5
|i c4e15369-2aa1-3006-b89c-ec93ac4d488a
|t 0
|
| 952 |
f |
f |
|p normal
|a Texas A&M University
|b College Station
|c Sterling C. Evans Library
|d Evans: Library Stacks
|t 0
|e DS110.J78 M37 2016
|h Library of Congress classification
|i unmediated -- volume
|m A14850028177
|
| 998 |
f |
f |
|a DS110.J78 M37 2016
|t 0
|l Evans: Library Stacks
|